Μουσείο, μνημείο, μνήμη : οι συλλογές του Μουσείου Βυζαντινού Πολιτισμού και τα μνημεία της Θεσσαλονίκης, ημερολόγιο 2022 = Museum, monument, memory : the collections of the Museum of Byzantine Culture and the monuments of Thessaloniki, desk diary 2022

Αποθηκεύτηκε σε:
Λεπτομέρειες βιβλιογραφικής εγγραφής
Συλλογικό Έργο: Μουσείο Βυζαντινού Πολιτισμού, Σωματείο Φίλων Μουσείου Βυζαντινού Πολιτισμού
Μορφή: Βιβλίο
Γλώσσα:Greek
English
Δημοσίευση: Θεσσαλονίκη : Μουσείο Βυζαντινού Πολιτισμού, c2021.
Θέματα:
Ετικέτες: Προσθήκη ετικέτας
Δεν υπάρχουν, Καταχωρήστε ετικέτα πρώτοι!

MARC

LEADER 00000cam a2200000 a 4500
001 1/124291
008 220201s2021####gr | ||| |||| ||gre||
020 |a 9789609669115  |q (σκληρό εξώφυλλο) 
040 |a GR-MyUa  |b gre  |c GR-MyUa  |e AACR2 
041 1 |a gre  |a eng 
082 7 |a 889.092   |2 (23) 
245 0 0 |a Μουσείο, μνημείο, μνήμη :   |b οι συλλογές του Μουσείου Βυζαντινού Πολιτισμού και τα μνημεία της Θεσσαλονίκης, ημερολόγιο 2022 = Museum, monument, memory : the collections of the Museum of Byzantine Culture and the monuments of Thessaloniki, desk diary 2022 /   |c Μουσείο Βυζαντινού Πολιτισμού ; Σωματείο Φίλων Βυζαντινού Πολιτισμού = Museum of Byzantine Culture ; Association of the Friends of the Museum of Byzantine Culture.  
246 1 |i Παράλληλος τίτλος:   |a Museum, monument, memory:   |b the collections of the Museum of Byzantine Culture and the monuments of Thessaloniki, desk diary 2022 
260 |a Θεσσαλονίκη :   |b Μουσείο Βυζαντινού Πολιτισμού,   |c c2021.  
300 |a 139 σ. :   |b εικ., φωτ. ;   |c 22 εκ.  
504 |a Περιλαμβάνει βιβλιογραφικές παραπομπές. 
650 0 |a Greek diaries. 
650 0 |a Diaries. 
710 2 |a Μουσείο Βυζαντινού Πολιτισμού. 
710 2 |a Σωματείο Φίλων Μουσείου Βυζαντινού Πολιτισμού. 
852 |a INST  |b RHODES  |e 20220201  |h 889.092 ΜΟΥ  |p 005400042554  |q 005400042554  |t BK  |y 0 
970 |z 01-02-2022